000 00990nam a22003137a 4500
003 CHAP
005 20220329133046.0
008 971013s1990 r 00010 d
010 _a1708
011 _a2680
035 _a1875
040 _cCHAP
082 _a660
_bL8 1990
100 0 0 _aLuyben, William L.
_969224
245 _aProcess modeling, simulation, and control for chemical engineers
250 _a2 ed.
260 _aNew York :
_bMcGraw-Hill,
_c1990
300 _a725 p.
_b: ilus.
500 _a42-233
590 _aBATCH-UPD
_b10
_c20130110
_lUCH01
_h1955
590 _aBATCH-UPD
_b10
_c20130410
_lUCH01
_h1316
590 _aBATCH-UPD
_b10
_c20130914
_lUCH01
_h1641
590 _aCONVERSION
_b10
_c20130109
_lUCH01
_h1302
650 1 4 _aIngeniería química.
_958271
650 1 4 _aProcesamiento automático de datos en ingeniería química.
_991794
901 _aBK
942 _cLIBRO
949 _a660 L8 1990
_bBC
_cLIBRO
_d33724000118477
_eLIBRO
_gI.156358
_h79285
_i1875
_si
_t285.60
999 _c1708
_d1708